Xa Mạc Tư Khoa Tập 1
.
Đã lưu trong:
| Príomhúdar: | |
|---|---|
| Údair Eile: | , |
| Formáid: | Leabhar |
| Teanga: | Vietnamese |
| Foilsithe: |
H.
Thanh niên
1954
|
| Eagrán: | Xuất bản lần thứ tư |
| Ábhair: | |
| Clibeanna: |
Cuir Clib Leis
Gan Chlibeanna, Bí ar an gcéad duine leis an taifead seo a chlibeáil!
|
| Thư viện lưu trữ: | Mạng thư viện Đại học Đà Nẵng |
|---|
| LEADER | 00985nam a2200361 4500 | ||
|---|---|---|---|
| 001 | 000004767 | ||
| 003 | 908 | ||
| 005 | 20110804130809.0 | ||
| 008 | 110804s1954 viesd | ||
| 020 | |c 20000 | ||
| 041 | 0 | |a vie | |
| 082 | |a 891.7 |b AGI | ||
| 100 | 0 | |a A- GIA- I- ÉP.VA- XI- LI | |
| 245 | 1 | 0 | |a Xa Mạc Tư Khoa |c A- GIA- I- ÉP.VA- XI- LI |n Tập 1 |
| 250 | |a Xuất bản lần thứ tư | ||
| 260 | |a H. |b Thanh niên |c 1954 | ||
| 300 | |a 620 tr. |b hình ảnh |c 19 cm | ||
| 520 | |a . | ||
| 653 | |a Văn học Nga | ||
| 653 | |a Tiểu thuyết Nga | ||
| 653 | |a A- GIA- I- ÉP.VA- XI- LI | ||
| 700 | |a Hoàng Nguyên Kỳ |e dịch | ||
| 700 | |a Hữu Đông |e dịch | ||
| 773 | |t Xa Mạc Tư Khoa |w 905 | ||
| 910 | |a Thu Sương |d 4/8/2011 | ||
| OWN | |a LSP | ||
| 999 | |a From the UDN01 | ||
| TYP | |a Monograph | ||
| TYP | |a Printed language | ||
| 980 | |a Mạng thư viện Đại học Đà Nẵng | ||